000
002640000a22000970004500
100
1
_a
Murray, John J.
245
1
0
_a
Have miraculous gifts ceased?
300
_a
Vol. 3, Num 2 (1985), Páginas 55-59
773
0
_t
Scottish Bulletin of Evangelical Theology
942
_c
ANA
999
_c
55666
_d
55666